[Event "Mars"]
[Site "Montreal CAN"]
[Date "1982.03.27"]
[Round "2"]
[White "Morin, Louis"]
[Black "Lacroix, Serge"]
[Result "0-1"]
[WhiteElo "1870"]
[BlackElo "1979"]
[PlyCount "125"]
[EventDate "1982.03.26"]
[EventType "swiss"]
[EventRounds "5"]
[EventCountry "CAN"]

1. e4 d6 2. d4 Nf6 3. Nc3 g6 4. f4 Bg7 5. Nf3 O-O 6. Bd3 Nc6 7. e5 dxe5 8. dxe5
Nd5 9. Nxd5 Qxd5 10. Qe2 Bg4 11. h3 Bxf3 12. Qxf3 Qxf3 13. gxf3 f6 14. e6 f5
15. Bd2 Bxb2 16. Rb1 Bd4 17. Rxb7 Bb6 18. Bb5 Nd8 19. Rxb6 axb6 20. Bc4 Ra4 21.
Bb3 Rd4 22. Bc3 Rxf4 23. Ke2 c5 24. h4 Nc6 25. Ke3 Rd4 26. Bxd4 Nxd4 27. Kf4
Kg7 28. Re1 Kf6 29. c3 Nxb3 30. axb3 Rd8 31. Ra1 h6 32. Ke3 Rd6 33. Ra8 Rxe6+
34. Kd2 Ke5 35. Ke3 f4+ 36. Kf2 Rd6 37. Ke2 Kd5 38. Rh8 h5 39. Rg8 e5 40. Rf8
c4 41. b4 Ke6 42. Rg8 Kd7 43. b5 Re6 44. Rb8 Kc7 45. Ra8 Kd6 46. Rc8 Kd5 47.
Kd2 e4 48. Ke2 exf3+ 49. Kxf3 Re3+ 50. Kxf4 Rxc3 51. Rc6 Rh3 52. Kg5 Rg3+ 53.
Kh6 c3 54. Kh7 Kd4 55. Kh6 Rg4 56. Rxb6 c2 57. Rc6 Kd3 58. Rxc2 Kxc2 59. b6 Kd3
60. b7 Rb4 61. Kxg6 Ke4 62. Kxh5 Kf5 63. Kh6 0-1

[Event "Rois"]
[Site "Montreal CAN"]
[Date "1981.10.13"]
[Round "5"]
[White "Morin, Louis"]
[Black "Lacroix, Serge"]
[Result "1/2-1/2"]
[WhiteElo "1891"]
[BlackElo "1923"]
[PlyCount "34"]
[EventDate "1981.09.15"]
[EventType "tourn"]
[EventRounds "5"]
[EventCountry "CAN"]

1. e4 d6 2. d4 Nf6 3. Nc3 g6 4. f3 Bg7 5. Be3 c6 6. a4 O-O 7. Qd2 e5 8. Bc4
exd4 9. Bxd4 Be6 10. Bxe6 fxe6 11. e5 dxe5 12. Bxe5 Qxd2+ 13. Kxd2 Nbd7 14. Bd6
Rfd8 15. Bc7 Re8 16. Bg3 Nc5 17. Nge2 Rad8+ 1/2-1/2

[Event "Le Backgammon"]
[Site "Montreal CAN"]
[Date "1981.07.26"]
[Round "1"]
[White "Morin, Louis"]
[Black "Lacroix, Serge"]
[Result "1/2-1/2"]
[WhiteElo "1811"]
[BlackElo "1964"]
[PlyCount "94"]
[EventDate "1981.07.26"]
[EventType "swiss"]
[EventRounds "5"]
[EventCountry "CAN"]

1. e4 d6 2. d4 Nf6 3. Nc3 g6 4. f3 Bg7 5. Be3 O-O 6. Qd2 c6 7. O-O-O Nbd7 8.
Bh6 b5 9. g4 Nb6 10. b3 a5 11. h4 b4 12. Nb1 Qc7 13. h5 e5 14. Bxg7 Kxg7 15.
hxg6 fxg6 16. dxe5 dxe5 17. Qh6+ Kg8 18. Nd2 Be6 19. g5 Ne8 20. Nh3 a4 21. Nf2
axb3 22. axb3 Rf7 23. Be2 c5 24. Qh2 c4 25. Nxc4 Nxc4 26. bxc4 Bxc4 27. Nd3 Qa5
28. Qxe5 Bxd3 29. Qxa5 Rxa5 30. Bxd3 Kg7 31. Bc4 Rc7 32. Bd5 Rc3 33. Rhf1 Nc7
34. Kb2 Rac5 35. Rf2 Nb5 36. f4 Re3 37. Rd3 Re1 38. Rff3 Re2 39. Kb3 Rexc2 40.
Kxb4 Nc7 41. Rc3 R2xc3 42. Rxc3 Na6+ 43. Kb3 Rb5+ 44. Kc2 Nb4+ 45. Kd2 Nxd5 46.
exd5 Rxd5+ 47. Ke3 Rd7 1/2-1/2

[Event "Adieu Roman"]
[Site "Montreal CAN"]
[Date "1981.06.03"]
[Round "1"]
[White "Lacroix, Serge"]
[Black "Morin, Louis"]
[Result "1-0"]
[WhiteElo "1966"]
[BlackElo "1822"]
[PlyCount "97"]
[EventDate "1981.06.03"]
[EventType "tourn"]
[EventRounds "4"]
[EventCountry "CAN"]

1. Nf3 d6 2. d4 Bg4 3. e4 Nd7 4. h3 Bh5 5. Bc4 e5 6. c3 Ngf6 7. Bg5 h6 8. Bxf6
Nxf6 9. Nbd2 exd4 10. cxd4 d5 11. exd5 Qe7+ 12. Kf1 O-O-O 13. Qa4 Kb8 14. g4
Bg6 15. Kg2 Qb4 16. Qb3 Qxb3 17. Nxb3 Nxd5 18. Rhe1 f6 19. Bxd5 Rxd5 20. Nc5
Bf7 21. Ne6 Bb4 22. Re3 g6 23. Rc1 c6 24. a3 Bd6 25. Rc2 Re8 26. Rce2 Kc8 27.
Nd2 Kd7 28. Nc5+ Bxc5 29. Rxe8 Bxe8 30. dxc5 f5 31. b4 Rd3 32. Nc4 Rc3 33. Nd6
fxg4 34. hxg4 Rxa3 35. Nxe8 Ra4 36. Nf6+ Kd8 37. Re8+ Kc7 38. Re7+ Kc8 39. Re4
a5 40. bxa5 Rxa5 41. Re8+ Kc7 42. Ne4 b5 43. Re7+ Kb8 44. Re6 b4 45. Rxc6 Rb5
46. Nd6 Ra5 47. Rb6+ Ka7 48. Nb5+ Ka8 49. c6 1-0

[Event "Printanier/Spring op"]
[Site "Montreal CAN"]
[Date "1981.05.16"]
[Round "2"]
[White "Morin, Louis"]
[Black "Lacroix, Serge"]
[Result "0-1"]
[WhiteElo "1814"]
[BlackElo "1881"]
[PlyCount "42"]
[EventDate "1981.05.16"]
[EventType "swiss"]
[EventRounds "6"]
[EventCountry "CAN"]

1. e4 Nf6 2. e5 Nd5 3. d4 d6 4. c4 Nb6 5. f4 dxe5 6. fxe5 Nc6 7. Be3 Bf5 8. Nc3
e6 9. Nf3 Qd7 10. Be2 O-O-O 11. O-O Be7 12. Bd3 Bg4 13. c5 Nd5 14. Nxd5 Qxd5
15. Qa4 Bxc5 16. Bc4 Qe4 17. Rae1 Bxf3 18. dxc5 Bxg2 19. Rf2 Bf3 20. b4 Qg4+
21. Kf1 Qxc4+ 0-1

[Event "Printanier/Spring op"]
[Site "Montreal CAN"]
[Date "1981.05.17"]
[Round "4"]
[White "Bolduc, Steve"]
[Black "Lacroix, Serge"]
[Result "0-1"]
[WhiteElo "1960"]
[BlackElo "2036"]
[PlyCount "60"]
[EventDate "1981.05.16"]
[EventType "swiss"]
[EventRounds "6"]
[EventCountry "CAN"]

1. d4 Nf6 2. c4 g6 3. Nc3 d5 4. Nf3 dxc4 5. Qa4+ c6 6. Qxc4 Be6 7. Qd3 Na6 8.
e4 Bg7 9. Qd1 Nc7 10. Be2 b5 11. a3 a5 12. Bf4 O-O 13. b4 Nh5 14. Be3 axb4 15.
axb4 Qd6 16. Rb1 f5 17. e5 Qd7 18. Ng5 f4 19. Bc1 Bf5 20. Nce4 h6 21. Nc5 Qd5
22. Bf3 Qc4 23. Be2 Qc3+ 24. Bd2 Qxd4 25. Nf3 Qd5 26. O-O Ra2 27. Ra1 Rfa8 28.
Rxa2 Rxa2 29. Qb3 e6 30. Rd1 Qxb3 0-1

[Event "Au Revoir Roman"]
[Site "Montreal CAN"]
[Date "1981.04.29"]
[Round "3"]
[White "Morin, Louis"]
[Black "Lacroix, Serge"]
[Result "1-0"]
[WhiteElo "1807"]
[BlackElo "1989"]
[PlyCount "113"]
[EventDate "1981.04.15"]
[EventType "tourn"]
[EventRounds "6"]
[EventCountry "CAN"]

1. e4 d6 2. d4 g6 3. Nc3 Nf6 4. f3 c6 5. Be3 Bg7 6. Qd2 O-O 7. O-O-O b5 8. Bh6
Qa5 9. Kb1 b4 10. Nce2 Be6 11. Nc1 Nbd7 12. g4 Nb6 13. h4 Na4 14. Nb3 Qb6 15.
h5 Bxh6 16. Qxh6 g5 17. Nh3 Kh8 18. Nxg5 Rg8 19. d5 Rxg5 20. Qxg5 Rg8 21. Qd2
cxd5 22. g5 Nd7 23. exd5 Bf5 24. f4 Ndc5 25. Qd4+ f6 26. gxf6 Nxb3 27. axb3
Qxd4 28. Rxd4 Nc5 29. f7 Rf8 30. Rxb4 Rxf7 31. Rg1 h6 32. Rb8+ Kh7 33. Rgg8 Be4
34. Rh8+ Kg7 35. Rbg8+ Kf6 36. Rxh6+ Kf5 37. Bh3+ Kxf4 38. Be6 Nxe6 39. dxe6
Rf5 40. Rh7 Rc5 41. Rf7+ Ke3 42. Rg3+ Kd4 43. Rg4 Ke3 44. Rxe4+ Kxe4 45. h6 Rh5
46. h7 a5 47. Rxe7 Ke5 48. Ka2 Kf6 49. Ra7 Kxe6 50. c4 Rh1 51. b4 axb4 52. Kb3
Rh2 53. Ka4 d5 54. c5 d4 55. c6 Kd5 56. c7 Rxh7 57. Ra5+ 1-0

[Event "Au Revoir Roman"]
[Site "Montreal CAN"]
[Date "1981.05.20"]
[Round "6"]
[White "Lacroix, Serge"]
[Black "Morin, Louis"]
[Result "1-0"]
[WhiteElo "1989"]
[BlackElo "1807"]
[PlyCount "71"]
[EventDate "1981.04.15"]
[EventType "tourn"]
[EventRounds "6"]
[EventCountry "CAN"]

1. c4 e5 2. g3 d6 3. Bg2 f5 4. d3 Nf6 5. Nc3 Be7 6. f4 O-O 7. e3 Nc6 8. Nge2
Bd7 9. a3 a5 10. Rb1 Re8 11. b4 axb4 12. axb4 exf4 13. gxf4 Ng4 14. O-O Bh4 15.
Nd5 Kh8 16. h3 Nf6 17. Ndc3 Rb8 18. Kh2 Ne7 19. Nd4 c6 20. Bf3 d5 21. Bh5 Nxh5
22. Qxh5 Bf6 23. Rg1 dxc4 24. dxc4 Bxd4 25. exd4 Be6 26. Be3 Bxc4 27. d5 Nxd5
28. Nxd5 Qxd5 29. Rxg7 Kxg7 30. Rg1+ Kh8 31. Qh6 Qd2+ 32. Bxd2 Re2+ 33. Rg2
Rxg2+ 34. Kxg2 Rg8+ 35. Kf2 Re8 36. Bc3+ 1-0

[Event "TORO"]
[Site "Hull CAN"]
[Date "1981.03.07"]
[Round "2"]
[White "Cossette, Richard"]
[Black "Lacroix, Serge"]
[Result "0-1"]
[WhiteElo "1626"]
[BlackElo "1986"]
[PlyCount "96"]
[EventDate "1981.03.07"]
[EventType "swiss"]
[EventRounds "5"]
[EventCountry "CAN"]

1. e4 d6 2. d4 g6 3. Nc3 Nf6 4. f4 Bg7 5. Nf3 O-O 6. Bd3 Nc6 7. O-O Bg4 8. e5
dxe5 9. dxe5 Nd5 10. h3 Bxf3 11. Qxf3 Ndb4 12. Rd1 Qc8 13. Be4 f5 14. exf6 Bxf6
15. a3 Nd4 16. Qf2 Nbc6 17. Be3 Nf5 18. Bxf5 gxf5 19. Rd3 e6 20. Rad1 Qe8 21.
Nb5 Rf7 22. b4 Nxb4 23. Nxc7 Nxd3 24. Qg3+ Rg7 25. Qxg7+ Kxg7 26. Nxe8+ Rxe8
27. Rxd3 b6 28. Rd7+ Re7 29. Rxe7+ Bxe7 30. Bd4+ Bf6 31. Bxf6+ Kxf6 32. g4 e5
33. g5+ Kg6 34. fxe5 Kxg5 35. h4+ Kg6 36. Kf2 Kf7 37. Kf3 Ke6 38. Kf4 b5 39. c3
h6 40. Kf3 Kxe5 41. Ke3 f4+ 42. Kf3 Kf5 43. h5 Ke5 44. Kf2 Ke4 45. Ke2 f3+ 46.
Kd2 a5 47. Ke1 a4 48. Kd2 Kf4 0-1

[Event "TORO"]
[Site "Hull CAN"]
[Date "1981.03.07"]
[Round "3"]
[White "Lacroix, Serge"]
[Black "Morin, Louis"]
[Result "1-0"]
[WhiteElo "1986"]
[BlackElo "1798"]
[PlyCount "137"]
[EventDate "1981.03.07"]
[EventType "swiss"]
[EventRounds "5"]
[EventCountry "CAN"]

1. Nf3 e6 2. g3 d5 3. c4 Nf6 4. Bg2 Be7 5. d4 O-O 6. cxd5 exd5 7. Nc3 c6 8. O-O
Re8 9. Qb3 Qb6 10. Qxb6 axb6 11. b3 b5 12. e3 Bf5 13. Bb2 Ne4 14. Nxe4 Bxe4 15.
Ne5 Bxg2 16. Kxg2 f6 17. Nd3 Nd7 18. Rfe1 Bd6 19. Bc3 Kf7 20. a4 bxa4 21. bxa4
b6 22. Rec1 c5 23. dxc5 Nxc5 24. Nxc5 bxc5 25. Rcb1 Reb8 26. a5 Be5 27. Rc1
Bxc3 28. Rxc3 Rb5 29. a6 c4 30. a7 Rb7 31. Rca3 c3 32. Rxc3 Raxa7 33. Rd1 Ke6
34. Rc6+ Kf7 35. Rxd5 Rb2 36. Rf5 Re7 37. Kf3 Re6 38. Rc7+ Re7 39. Rc8 Re8 40.
Rfc5 Re5 41. Rxe5 fxe5 42. g4 Ra2 43. h4 h6 44. Rc7+ Kf6 45. Rc6+ Kf7 46. Kg3
Rb2 47. f4 exf4+ 48. Kxf4 Rb4+ 49. e4 Rb5 50. e5 g6 51. Rf6+ Kg7 52. h5 Rb4+
53. Kf3 gxh5 54. gxh5 Rh4 55. Rf5 Rh1 56. Ke4 Rd1 57. e6 Rd2 58. Ke5 Rd1 59. e7
Re1+ 60. Kd6 Rd1+ 61. Ke6 Re1+ 62. Kd7 Rd1+ 63. Ke8 Rd2 64. Rf7+ Kg8 65. Rf6
Kg7 66. Rg6+ Kh7 67. Kf7 Rd7 68. Kf8 Rd1 69. e8=N 1-0

[Event "TORO"]
[Site "Hull CAN"]
[Date "1981.03.08"]
[Round "4"]
[White "Laurin, Denys"]
[Black "Lacroix, Serge"]
[Result "1-0"]
[WhiteElo "1799"]
[BlackElo "1986"]
[PlyCount "73"]
[EventDate "1981.03.07"]
[EventType "swiss"]
[EventRounds "5"]
[EventCountry "CAN"]

1. e4 d6 2. d4 Nf6 3. Nc3 g6 4. Be2 Bg7 5. Be3 O-O 6. Nf3 Ng4 7. Bf4 e5 8. dxe5
dxe5 9. Bg5 f6 10. Bc4+ Kh8 11. Bh4 Qxd1+ 12. Rxd1 c6 13. Bg3 Nd7 14. O-O Nc5
15. b4 Be6 16. Nd2 Bxc4 17. Nxc4 Ne6 18. f3 b5 19. Na5 Ne3 20. Rd6 Nxf1 21.
Kxf1 Nd4 22. Nxc6 Rfc8 23. Nxd4 Rxc3 24. Nxb5 Rxc2 25. Ra6 Rc1+ 26. Be1 Bh6 27.
Ke2 Rc2+ 28. Kd3 Rc1 29. Ke2 Rc2+ 30. Kd3 Rxg2 31. Nc7 Rd8+ 32. Nd5 Rg1 33. Bc3
Rd1+ 34. Kc2 R1xd5 35. exd5 Rxd5 36. Rxf6 Bf4 37. Rxf4 1-0

[Event "Studio Roman 9"]
[Site "Montreal CAN"]
[Date "1981.01.19"]
[Round "2"]
[White "Lacroix, Serge"]
[Black "Morin, Louis"]
[Result "1-0"]
[WhiteElo "2042"]
[BlackElo "1737"]
[PlyCount "100"]
[EventDate "1981.01.16"]
[EventType "tourn"]
[EventRounds "3"]
[EventCountry "CAN"]

1. Nf3 e6 2. g3 d5 3. Bg2 Nf6 4. O-O Bd6 5. d3 Nbd7 6. Nc3 c6 7. Re1 O-O 8. e4
Qc7 9. Bg5 dxe4 10. dxe4 e5 11. Qd2 h6 12. Rad1 Bb4 13. Bxh6 gxh6 14. Qxh6 Nh7
15. Ng5 Ndf6 16. Rd3 Re8 17. f4 Qe7 18. Nf3 Ng4 19. Qh5 Bc5+ 20. Kf1 b6 21. h3
Ngf6 22. Qxe5 Qb7 23. b4 Rxe5 24. fxe5 Be6 25. bxc5 Nd7 26. Kg1 Nxc5 27. Rd6
Qc7 28. Red1 Nb7 29. R6d3 Rd8 30. Nd4 Nf8 31. Kh2 Ng6 32. Nf5 Rxd3 33. cxd3
Nxe5 34. d4 Nc4 35. Re1 Nbd6 36. Nh4 a6 37. e5 Nf5 38. Nf3 Nfe3 39. Ne4 Nxg2
40. Nf6+ Kh8 41. Kxg2 Bd5 42. Kf2 Bxf3 43. Kxf3 Qc8 44. g4 Qe6 45. Kg3 Nd6 46.
Rf1 Nb5 47. Rf4 Nc3 48. Rf5 Qxf5 49. gxf5 Ne2+ 50. Kf3 Nxd4+ 1-0

[Event "Trois-Rivieres"]
[Site "Trois-Rivieres CAN"]
[Date "1981.10.25"]
[Round "3"]
[White "Morin, Louis"]
[Black "Lacroix, Serge"]
[Result "1-0"]
[WhiteElo "1902"]
[BlackElo "2003"]
[PlyCount "123"]
[EventDate "1981.??.??"]
[EventRounds "4"]
[EventCountry "CAN"]

1. e4 d6 2. d4 Nf6 3. Nc3 g6 4. f3 Bg7 5. Be3 O-O 6. Qd2 c6 7. Nge2 b5 8. Nc1
Nbd7 9. Bh6 e5 10. Bxg7 Kxg7 11. Nb3 Qb6 12. Rd1 a5 13. dxe5 dxe5 14. Qf2 Qxf2+
15. Kxf2 a4 16. Nc1 b4 17. Nb1 Ba6 18. Bxa6 Rxa6 19. Rd6 Nc5 20. Rhd1 Ne8 21.
Rd8 f5 22. exf5 e4 23. fxg6 hxg6 24. Ke3 exf3 25. gxf3 Ra7 26. R1d4 Re7+ 27.
Kf2 Ne4+ 28. Kg2 Ng5 29. R8d7 Rff7 30. Rxe7 Rxe7 31. Kf2 c5 32. Rd5 Nh3+ 33.
Kf1 c4 34. Rd4 Rc7 35. Ne2 Nf6 36. Nd2 b3 37. a3 Ng5 38. c3 Rd7 39. Rxd7+ Nxd7
40. f4 Ne6 41. Nxc4 Kf6 42. Kf2 Nec5 43. Ke3 Kf5 44. h3 Ke6 45. Nd4+ Kd5 46.
Nd2 Nf6 47. c4+ Kd6 48. Nb5+ Ke6 49. Nc3 Kd6 50. Nde4+ Nfxe4 51. Nxe4+ Kc6 52.
Nxc5 Kxc5 53. Kd3 Kd6 54. Kd4 Kc6 55. h4 Kd6 56. c5+ Kc6 57. Kc4 Kc7 58. Kb5
Kd7 59. Kxa4 Kc6 60. Kb4 Kd5 61. a4 Ke4 62. c6 1-0

[Event "Karpov op"]
[Site "Montreal CAN"]
[Date "1980.10.11"]
[Round "1"]
[White "Lacroix, Serge"]
[Black "Bolduc, Steve"]
[Result "1-0"]
[WhiteElo "1937"]
[BlackElo "1662"]
[PlyCount "55"]
[EventDate "1980.10.11"]
[EventType "swiss"]
[EventRounds "6"]
[EventCountry "CAN"]

1. d4 f5 2. Nf3 Nf6 3. g3 e6 4. Bg2 Be7 5. O-O O-O 6. b3 d5 7. c4 c6 8. Ba3
Nbd7 9. cxd5 exd5 10. Bxe7 Qxe7 11. Nc3 Ne4 12. Na4 Ndf6 13. Rc1 Ng4 14. h3
Nxg3 15. fxg3 Qe3+ 16. Kh1 Nf2+ 17. Rxf2 Qxf2 18. Qe1 Qe3 19. Rc3 Qe7 20. e3
Be6 21. Nc5 Rac8 22. Ne5 b6 23. Ncd3 c5 24. Nf4 cxd4 25. exd4 Qb4 26. Nxd5 Bxd5
27. Bxd5+ Kh8 28. Nf7+ 1-0

[Event "Studio Roman 6"]
[Site "Montreal CAN"]
[Date "1980.09.13"]
[Round "2"]
[White "Lacroix, Serge"]
[Black "Morin, Louis"]
[Result "1-0"]
[WhiteElo "1895"]
[BlackElo "1732"]
[PlyCount "69"]
[EventDate "1980.09.06"]
[EventType "tourn"]
[EventRounds "5"]
[EventCountry "CAN"]

1. c4 e6 2. Nc3 f5 3. g3 Nf6 4. Bg2 Be7 5. d4 O-O 6. e3 a5 7. Nge2 d6 8. O-O
Nc6 9. a3 Qe8 10. d5 exd5 11. Nxd5 Nxd5 12. cxd5 Ne5 13. Qc2 Bd8 14. b3 b6 15.
Rd1 Nd7 16. Bb2 Nc5 17. Nd4 Bf6 18. Rab1 Bxd4 19. Rxd4 Rf7 20. Bf3 Re7 21. b4
Qa4 22. Qc3 axb4 23. axb4 Na6 24. Ra1 Qd7 25. Qc6 Rb8 26. Qc4 b5 27. Qc3 Rb6
28. h4 Bb7 29. Rf4 Nb8 30. Qc2 Bc8 31. Ra8 Rf7 32. Bh5 g6 33. Qc3 Kf8 34. Be2
Kg8 35. Qh8# 1-0

[Event "Quebec-Specialiste m"]
[Site "Quebec/Montreal CAN"]
[Date "1980.08.17"]
[Round "1"]
[White "Berube, Richard"]
[Black "Lacroix, Serge"]
[Result "1-0"]
[WhiteElo "1859"]
[BlackElo "1745"]
[PlyCount "159"]
[EventDate "1980.08.17"]
[EventType "team"]
[EventRounds "2"]
[EventCountry "CAN"]

1. e4 e5 2. Nf3 Nc6 3. Bb5 a6 4. Ba4 Nf6 5. O-O Be7 6. Re1 b5 7. Bb3 d6 8. c3
Bg4 9. d3 O-O 10. Nbd2 Na5 11. Bc2 c5 12. h3 Bd7 13. d4 Qc7 14. Nf1 Rac8 15. d5
c4 16. Be3 Nb7 17. g4 Nc5 18. Ng3 Kh8 19. Kg2 Ng8 20. Rh1 g6 21. g5 f5 22. gxf6
Bxf6 23. Nh2 Be8 24. Qd2 h5 25. b4 cxb3 26. axb3 Bg7 27. Ne2 Qf7 28. Rhf1 Nf6
29. Bxc5 Rxc5 30. Rxa6 Qc7 31. Rfa1 Bd7 32. Ra8 Bc8 33. R1a7 Qd8 34. Qg5 Qe8
35. Nf3 Nh7 36. Qe3 Qd8 37. Ng3 Rc7 38. Rxc7 Qxc7 39. Ra7 Qd8 40. Bd1 Rf4 41.
c4 h4 42. Nf1 g5 43. N3h2 Nf6 44. f3 bxc4 45. bxc4 Nh5 46. Ng4 Rf8 47. c5 Nf4+
48. Kh2 Bxg4 49. hxg4 dxc5 50. Qxc5 Qb8 51. Qa3 Qb6 52. Ne3 Qd4 53. Kg1 h3 54.
Rc7 Ng6 55. Qc3 Qb6 56. Rc6 Qd4 57. Qxd4 exd4 58. Nf5 Ne5 59. Rc7 Bf6 60. d6
Nd3 61. d7 h2+ 62. Kg2 Nf2 63. Kxh2 Nxd1 64. Rc8 Rd8 65. Nxd4 Kh7 66. Ne6 Be5+
67. Kh1 Rxd7 68. Nf8+ Kg7 69. Nxd7 Bf4 70. Nc5 Kf6 71. Nd3 Be3 72. Rc6+ Kf7 73.
Kg2 Bd4 74. Kf1 Ne3+ 75. Ke2 Ng2 76. Rd6 Bg1 77. Kf1 Bh2 78. Rd7+ Ke6 79. Nc5+
Ke5 80. Kxg2 1-0

[Event "Quebec-Specialiste m"]
[Site "Quebec/Montreal CAN"]
[Date "1980.08.24"]
[Round "2"]
[White "Lacroix, Serge"]
[Black "Berube, Richard"]
[Result "0-1"]
[WhiteElo "1745"]
[BlackElo "1859"]
[PlyCount "66"]
[EventDate "1980.08.17"]
[EventType "team"]
[EventRounds "2"]
[EventCountry "CAN"]

1. e4 c5 2. Nf3 d6 3. d4 cxd4 4. Nxd4 Nf6 5. Nc3 g6 6. Be3 Bg7 7. f3 Nc6 8. Qd2
O-O 9. O-O-O d5 10. Bb5 Qc7 11. Nxd5 Nxd5 12. exd5 Ne5 13. Bh6 Rd8 14. Bxg7
Kxg7 15. Ba4 a6 16. h4 h6 17. Bb3 Kh7 18. Qf4 Nd3+ 19. Rxd3 Qxf4+ 20. Kb1 Bd7
21. h5 g5 22. g4 a5 23. c3 b5 24. Re1 Re8 25. Bc2 Kh8 26. Re4 Qf6 27. Rde3 Rac8
28. Bd3 Rc5 29. Re5 b4 30. Bc2 bxc3 31. bxc3 Rxc3 32. Bb3 a4 33. Bc2 Qb6+ 0-1

[Event "Quebec op"]
[Site "Montreal CAN"]
[Date "1980.08.04"]
[Round "2"]
[White "Lacroix, Serge"]
[Black "Coudari, Camille"]
[Result "0-1"]
[WhiteElo "1900"]
[BlackElo "2337"]
[PlyCount "148"]
[EventDate "1980.08.03"]
[EventType "swiss"]
[EventRounds "8"]
[EventCountry "CAN"]

1. e4 c5 2. Nf3 e6 3. d4 cxd4 4. Nxd4 Nf6 5. Bd3 Nc6 6. Nxc6 bxc6 7. c4 Be7 8.
O-O d6 9. f4 e5 10. f5 O-O 11. Nc3 Bb7 12. Qf3 d5 13. Bg5 d4 14. Ne2 c5 15. g4
Qc7 16. h4 a5 17. Ng3 Ra6 18. Rf2 h6 19. Bd2 Nh7 20. Rh2 f6 21. a4 Bc6 22. b3
Rb8 23. Bc2 Ra7 24. Kf2 Rab7 25. Rg1 Qd8 26. Qd3 Be8 27. Rh3 Bf7 28. Nh5 Bf8
29. Qe2 Rd7 30. Rd3 g5 31. hxg5 Bxh5 32. gxh5 fxg5 33. Qe1 Ra8 34. Qc1 Rg7 35.
Bd1 Ra6 36. Rdg3 Be7 37. Kf1 Qa8 38. Qc2 Bd8 39. Qd3 Rf6 40. Ke2 Rf8 41. Qf3
Nf6 42. Kd3 Kh7 43. Qg2 Qb7 44. Rh1 Rfg8 45. Qf3 Rf8 46. Rhg1 Ne8 47. Rf1 Nd6
48. Rg4 Ne8 49. Rfg1 Qa8 50. Re1 Rff7 51. Rgg1 Bf6 52. Rg4 Nd6 53. Reg1 Nc8 54.
Qg3 Ne7 55. Qe1 Nc6 56. R1g3 Rb7 57. Qg1 Rgd7 58. Rg2 Qb8 59. Ke2 Rxb3 60. Bxb3
Qxb3 61. Qc1 d3+ 62. Ke3 Nd4 63. Qc3 Qd1 64. Kf2 Qf3+ 65. Kg1 Qxg4 66. Qxa5
Qd1+ 67. Kh2 Qxh5+ 68. Kg1 Rb7 69. Be1 Nf3+ 70. Kf2 Rb2+ 71. Ke3 Rxg2 72. Qc7+
Bg7 73. f6 Re2+ 74. Kxd3 Nxe1+ 0-1

[Event "CAN-op"]
[Site "Ottawa CAN"]
[Date "1980.07.27"]
[Round "10"]
[White "Lacroix, Serge"]
[Black "Morin, Louis"]
[Result "0-1"]
[WhiteElo "1848"]
[BlackElo "1594"]
[PlyCount "106"]
[EventDate "1980.07.19"]
[EventType "swiss"]
[EventRounds "10"]
[EventCountry "CAN"]

1. e4 e5 2. Nf3 d6 3. d4 Nf6 4. Nc3 Nbd7 5. Bc4 Be7 6. O-O O-O 7. Qe2 c6 8. Bg5
h6 9. Bh4 Nh5 10. Bxe7 Qxe7 11. Rad1 b5 12. Bb3 a6 13. Rd2 Re8 14. a3 Nf8 15.
dxe5 dxe5 16. Rfd1 Nf4 17. Qe3 Bg4 18. Rd6 Rec8 19. g3 N4g6 20. Kg2 Ra7 21. h3
Be6 22. Bxe6 Nxe6 23. Qb6 Qc7 24. Qxc7 Raxc7 25. h4 Kf8 26. h5 Ne7 27. Nxe5 Ng8
28. f4 Nf6 29. Nd7+ Nxd7 30. Rxd7 Ke8 31. R7d2 Ke7 32. f5 Nf8 33. Ne2 Nh7 34.
c4 Nf6 35. cxb5 cxb5 36. e5 Ne4 37. Rd4 Ng5 38. e6 fxe6 39. fxe6 Nxe6 40. Rd6
Rc6 41. Rxc6 Rxc6 42. Rd5 Rc2 43. Kf3 Rxb2 44. Nf4 Rb3+ 45. Rd3 Rxd3+ 46. Nxd3
Nd4+ 47. Ke4 Nc2 48. Nb4 Nxb4 49. axb4 Kd6 50. Kd4 Kc6 51. Ke5 a5 52. bxa5 b4
53. Kd4 Kb5 0-1

[Event "Gibelotte"]
[Site "Sorel CAN"]
[Date "1980.07.06"]
[Round "4"]
[White "Lacroix, Serge"]
[Black "Morin, Louis"]
[Result "1-0"]
[WhiteElo "1886"]
[BlackElo "1736"]
[PlyCount "87"]
[EventDate "1980.07.05"]
[EventType "swiss"]
[EventRounds "4"]
[EventCountry "CAN"]

1. e4 e5 2. Nf3 d6 3. d4 Nf6 4. Nc3 Nbd7 5. Bc4 Be7 6. dxe5 dxe5 7. Bxf7+ Kxf7
8. Ng5+ Kg6 9. Ne6 Qg8 10. Nxc7 Rb8 11. Qf3 Qc4 12. N3d5 Bd6 13. Qf5+ Kf7 14.
Qe6+ Kg6 15. Qxd6 Qxe4+ 16. Be3 Qxc2 17. O-O b6 18. f4 Qe4 19. fxe5 Qxe5 20.
Qb4 h6 21. Qb3 Kh7 22. Rae1 Nxd5 23. Qd3+ Kg8 24. Nxd5 Bb7 25. Bf4 Qxd5 26.
Qxd5+ Bxd5 27. Bxb8 Nxb8 28. Re8+ Kh7 29. Rxh8+ Kxh8 30. Rf8+ Kh7 31. Rxb8 Bxa2
32. Rb7 Bc4 33. Rxa7 Kg6 34. Kf2 Kf6 35. Ke3 g6 36. b4 b5 37. Kd4 Bf1 38. Ra2
Kg5 39. Kc5 Kh4 40. Rf2 Bd3 41. Rf6 h5 42. Kd4 Be2 43. Rxg6 Bd3 44. g3+ 1-0

[Event "La Baie"]
[Site "La Baie CAN"]
[Date "1980.06.21"]
[Round "3"]
[White "Lacroix, Serge"]
[Black "Berube, Richard"]
[Result "0-1"]
[WhiteElo "1848"]
[BlackElo "1632"]
[PlyCount "82"]
[EventDate "1980.06.21"]
[EventType "swiss"]
[EventRounds "5"]
[EventCountry "CAN"]

1. e4 c5 2. Nf3 d6 3. d4 cxd4 4. Nxd4 Nf6 5. Nc3 g6 6. Bc4 Bg7 7. Be3 Ng4 8.
Bb5+ Kf8 9. O-O Nxe3 10. fxe3 Be5 11. Qf3 f6 12. Nd5 a6 13. Ba4 Qa5 14. Bb3 Nc6
15. c3 Kg7 16. g4 h5 17. g5 Bg4 18. gxf6+ exf6 19. Qg2 Rae8 20. h3 Bc8 21. Kh1
h4 22. Nxf6 Bxf6 23. Rxf6 Kxf6 24. Rf1+ Ke7 25. Bd5 Ne5 26. Qg5+ Kd7 27. Nf3
Kc7 28. Nxe5 Rxe5 29. Qxg6 Rhe8 30. Rf7+ R5e7 31. Rxe7+ Rxe7 32. Qf6 Re5 33.
Qxh4 Qb5 34. Qf2 Qd7 35. Kg1 Rg5+ 36. Kf1 Qxh3+ 37. Ke1 Qh1+ 38. Ke2 Bg4+ 39.
Kd3 Rxd5+ 40. exd5 Qxd5+ 41. Kc2 Qd1# 0-1

[Event "Hull op"]
[Site "Hull CAN"]
[Date "1980.??.??"]
[Round "?"]
[White "Lacroix, Serge"]
[Black "Laurin, Denys"]
[Result "1/2-1/2"]
[WhiteElo "1827"]
[BlackElo "1764"]
[PlyCount "85"]
[EventDate "1980.04.19"]
[EventType "swiss"]
[EventRounds "5"]
[EventCountry "CAN"]

1. e4 e5 2. Nf3 Nc6 3. Bc4 Nf6 4. Nc3 Bc5 5. d3 d6 6. Bg5 h6 7. Bh4 g5 8. Bg3
Bg4 9. h4 Nh5 10. Nd5 Nd4 11. hxg5 hxg5 12. c3 Ne6 13. Qb3 c6 14. Ne3 Bxe3 15.
fxe3 b5 16. Bxe6 Bxe6 17. Qc2 Qf6 18. Bf2 Bg4 19. Nd2 Kd7 20. a4 a6 21. c4 Rhc8
22. Qb3 Qe6 23. O-O Rcb8 24. cxb5 Qxb3 25. Nxb3 axb5 26. axb5 cxb5 27. d4 Be2
28. Rfc1 Bc4 29. Nd2 exd4 30. exd4 Rxa1 31. Rxa1 Rc8 32. e5 Nf4 33. Ne4 dxe5
34. Ra7+ Kc6 35. Ra6+ Kb7 36. Rh6 Rc6 37. Nc5+ Kc7 38. Rxc6+ Kxc6 39. dxe5 Nd3
40. Ne4 Nxf2 41. Kxf2 Kd5 42. Nxg5 Kxe5 43. Ke3 1/2-1/2

[Event "Studio Roman 4"]
[Site "Montreal CAN"]
[Date "1980.04.08"]
[Round "1"]
[White "Lacroix, Serge"]
[Black "Morin, Louis"]
[Result "1-0"]
[WhiteElo "1688"]
[BlackElo "1527"]
[PlyCount "35"]
[EventDate "1980.04.08"]
[EventType "tourn"]
[EventRounds "5"]
[EventCountry "CAN"]

1. e4 d5 2. exd5 Qxd5 3. Nc3 Qa5 4. d4 e5 5. dxe5 Bb4 6. Nf3 Nc6 7. Bd2 Bg4 8.
Bb5 O-O-O 9. Bxc6 bxc6 10. Qe2 Re8 11. O-O f6 12. a3 Rxe5 13. Qc4 Bxf3 14. axb4
Bd5 15. Qg4+ Be6 16. Qxe6+ Rxe6 17. Rxa5 Ne7 18. Rxa7 1-0

[Event "TORO"]
[Site "Hull CAN"]
[Date "1980.03.01"]
[Round "2"]
[White "Lacroix, Serge"]
[Black "Morin, Louis"]
[Result "1-0"]
[WhiteElo "1734"]
[BlackElo "1568"]
[PlyCount "55"]
[EventDate "1980.03.01"]
[EventType "swiss"]
[EventRounds "5"]
[EventCountry "CAN"]

1. Nf3 f5 2. d4 e6 3. g3 Nf6 4. Bg2 Be7 5. Nc3 d5 6. O-O c6 7. e3 O-O 8. Ne2
Ne4 9. c4 Nd7 10. cxd5 exd5 11. Nf4 Ndf6 12. a4 Qe8 13. a5 g5 14. Nd3 Qh5 15.
Nfe5 Qh6 16. a6 Ng4 17. Nxg4 fxg4 18. axb7 Bxb7 19. Bxe4 dxe4 20. Qb3+ Kh8 21.
Qxb7 exd3 22. Qxe7 Rae8 23. Qd7 Re6 24. Rxa7 Ref6 25. Bd2 Rf3 26. d5 Rxf2 27.
Rxf2 Rxf2 28. Bc3+ 1-0